A curse for true love (Record no. 5189)

MARC details
000 -CABECERA
campo de control de longitud fija 01472nam a22002657a 4500
008 - DATOS DE LONGITUD FIJA--INFORMACIÓN GENERAL
campo de control de longitud fija 251119b |||||||| |||| 00| 0 eng d
020 ## - NÚMERO INTERNACIONAL ESTÁNDAR DEL LIBRO
Número Internacional Estándar del Libro 9781529399325
040 ## - FUENTE DE LA CATALOGACIÓN
Centro/agencia transcriptor tbs
041 ## - CÓDIGO DE LENGUA
Código de lengua del texto/banda sonora o título independiente eng
050 ## - SIGNATURA TOPOGRÁFICA DE LA BIBLIOTECA DEL CONGRESO
Número de clasificación PZ7.1.G368 2023
100 ## - ENTRADA PRINCIPAL--NOMBRE DE PERSONA
Nombre de persona Garber, Stephanie
9 (RLIN) 26546
Término indicativo de función/relación author
245 ## - MENCIÓN DE TÍTULO
Título A curse for true love
Mención de responsabilidad, etc. / Stephanie Garber.
260 ## - PUBLICACIÓN, DISTRIBUCIÓN, ETC.
Lugar de publicación, distribución, etc. Dublin :
Nombre del editor, distribuidor, etc. Hodder & Stoughton,
Fecha de publicación, distribución, etc. 2024.
300 ## - DESCRIPCIÓN FÍSICA
Extensión 385 pages :
Otras características físicas map ;
Dimensiones 20 cm.
490 ## - MENCIÓN DE SERIE
Mención de serie Once upon a broken heart ;
Designación de volumen o secuencia bk.3
520 ## - SUMARIO, ETC.
Sumario, etc. Two villains, one girl, and a deadly battle for happily ever after.<br/><br/>Evangeline Fox ventured to the Magnificent North in search of her happy ending, and it seems as if she has it. She''s married to a handsome prince and lives in a legendary castle. But Evangeline has no idea of the devastating price she''s paid for this fairytale. She doesn''t know what she has lost, and her husband is determined to make sure she never finds out . . . but first he must kill Jacks, the Prince of Hearts.<br/><br/>Blood will be shed, hearts will be stolen, and true love will be put to the test in A Curse for True Love, the breathlessly anticipated conclusion to the Once Upon A Broken Heart trilogy.
650 #0 - PUNTO DE ACCESO ADICIONAL DE MATERIA--TÉRMINO DE MATERIA
Término de materia o nombre geográfico como elemento de entrada Blessing and cursing
Subdivisión de forma Fiction
9 (RLIN) 26547
650 #0 - PUNTO DE ACCESO ADICIONAL DE MATERIA--TÉRMINO DE MATERIA
Término de materia o nombre geográfico como elemento de entrada Love
Subdivisión de forma Fiction
9 (RLIN) 24358
650 #0 - PUNTO DE ACCESO ADICIONAL DE MATERIA--TÉRMINO DE MATERIA
Término de materia o nombre geográfico como elemento de entrada Villains
Subdivisión de forma Fiction
9 (RLIN) 26548
650 #0 - PUNTO DE ACCESO ADICIONAL DE MATERIA--TÉRMINO DE MATERIA
Término de materia o nombre geográfico como elemento de entrada Princes
Subdivisión de forma Fiction
9 (RLIN) 26530
655 #0 - TÉRMINO DE INDIZACIÓN--GÉNERO/FORMA
Datos o término principal de género/forma Fantasy fiction
9 (RLIN) 22510
655 #0 - TÉRMINO DE INDIZACIÓN--GÉNERO/FORMA
Datos o término principal de género/forma Romance fiction
9 (RLIN) 22778
655 #0 - TÉRMINO DE INDIZACIÓN--GÉNERO/FORMA
Datos o término principal de género/forma Paranormal fiction
9 (RLIN) 22925
942 ## - ELEMENTOS DE ENTRADA AGREGADA (KOHA)
Fuente del sistema de clasificación o colocación Clasificación de Library of Congress
Holdings
Estado de retiro Estado de pérdida Fuente del sistema de clasificación o colocación Estado dañado No para préstamo Biblioteca de origen Biblioteca actual Fecha de adquisición Total de préstamos Signatura topográfica completa Código de barras Fecha visto por última vez Número de copia Precio válido a partir de Tipo de ítem Koha
    Clasificación de Library of Congress     TBS Barcelona TBS Barcelona 19/11/2025   P-EN GAR B05624 19/11/2025 1 19/11/2025 Book

Powered by Koha